Stavíme si malou síť

Saved in:
Bibliographic Details
Main Author: Kostrhoun, Aleš (Author)
Format: Book
Language:Czech
Published: Praha : Computer Press, 2001
Subjects:
Tags: Add Tag
No Tags, Be the first to tag this record!

MARC

LEADER 00000nam a22000003a 4500
001 stu77995
005 20150617225642.0
008 021118s2001----xr------------------cze-d
020 |a 80-7226-510-5 
040 |a STU  |b slo 
041 0 |a cze 
044 |a xr 
080 |a 681.3.06 
080 |a 681.324 
080 |a 681.327.8 
084 |a B6210L  |2 INS 
084 |a C5620L  |2 INS  |7 stu_us_auth*stu7223 
084 |a D5020  |2 INS 
100 1 |a Kostrhoun, Aleš  |4 aut 
245 1 |a Stavíme si malou síť 
260 |a Praha :  |b Computer Press,  |c 2001 
300 |a 205 s 
650 7 |a počítačové siete  |2 stusub 
650 7 |a lokálne počítačové siete  |2 stusub 
650 7 |a komunikačné systémy  |2 stusub 
650 7 |a prenos dát  |2 stusub 
996 |b 284EK84651  |c E*84651  |l EE11  |s P  |a 0  |w stu77995_0001